000 00974nam a22002657a 4500
001 BR8109023
003 BR-BrBNA
005 20230928091219.0
007 ta
008 230509b bl.||||| |||| 00| 0 por d
040 _aBR-BrBNA
_bpor
_cBiblioteca Nacional de Agricultura
041 _a(Por)
072 _aL01
_b/G514
090 _ L01 BR8109023
110 1 _aAssociacao de Credito e Assistencia Rural de Santa Catarina, Florianopolis (Brasil). Coordenacao de Juventude Rural;
_9437
110 1 _aEmpresa de Assistencia Tecnica e Extensao Rural do Estado de Santa Catarina, Florianopolis (Brasil)
_94031
245 1 _aAvicultura; guia de projeto 4-S [Brasil]
250 1 _a3. ed.
260 3 _aFlorianopolis, SC (Brasil):
_c1981.
300 _a20 p.
500 _a(*) Documento disponível no(a) Associacao de Credito e Assistencia Rural de Santa Catarina, Florianopolis (Brazil)
650 _aAVICULTURA
909 _a202309
_bLucia
_c55
_dLucia Elande
942 _cBK
999 _c32875
_d32875